[Event "Cheliabinsk Spassky 75 op"]
[Site "Cheliabinsk"]
[Date "2012.02.12"]
[Round "9"]
[White "Krapivin, Viktor"]
[Black "Lipatkin, Mikhail"]
[Result "1-0"]
[WhiteElo "1888"]
[BlackElo "1852"]
[PlyCount "77"]
[EventDate "2012.01.29"]
[EventType "swiss"]
[EventRounds "9"]
[EventCountry "RUS"]
[SourceTitle "EXT 2014"]
[Source "ChessBase"]
[SourceDate "2013.11.20"]
[SourceVersion "1"]
[SourceVersionDate "2013.11.20"]
[SourceQuality "1"]

1. e4 Nf6 2. e5 Nd5 3. d4 d6 4. Nf3 Bg4 5. Be2 e6 6. 0-0 Nc6 7. exd6 Bxd6 8. c4 Nf6 9. Nc3 0-0 10. h3 Bh5 11. Be3 Be7 12. Ne5 Bxe2 13. Nxe2 Nxe5 14. dxe5 Nd7 15. f4 Bc5 16. Qb3 Qe7 17. Rad1 Nb6 18. Nd4 Rad8 19. Nc2 Rd7 20. Rxd7 Bxe3+ 21. Nxe3 Qxd7 22. Rd1 Qc6 23. Qd3 Na4 24. Qd4 a5 25. b3 Nc5 26. f5 exf5 27. Nxf5 Re8 28. Qh4 Ne6 29. Ne7+ Rxe7 30. Qxe7 h6 31. Rd7 Qb6+ 32. Kh1 Qf2 33. Qe8+ Nf8 34. Rd1 Qxa2 35. Rf1 f6 36. exf6 gxf6 37. Rf3 Qa1+ 38. Kh2 Qe5+ 39. Rg3+ 1-0

[Event "Cheliabinsk Spassky 75 op"]
[Site "Cheliabinsk"]
[Date "2012.02.07"]
[Round "6"]
[White "Lipatkin, Mikhail"]
[Black "Ramzaitsev, Nikolai"]
[Result "1-0"]
[WhiteElo "1852"]
[BlackElo "1701"]
[PlyCount "97"]
[EventDate "2012.01.29"]
[EventType "swiss"]
[EventRounds "9"]
[EventCountry "RUS"]
[SourceTitle "EXT 2014"]
[Source "ChessBase"]
[SourceDate "2013.11.20"]
[SourceVersion "1"]
[SourceVersionDate "2013.11.20"]
[SourceQuality "1"]

1. Nf3 Nf6 2. c4 c5 3. g3 Nc6 4. Bg2 g6 5. b3 Bg7 6. Bb2 0-0 7. 0-0 d6 8. d4 cxd4 9. Nxd4 Bd7 10. e3 a6 11. Nd2 Qc8 12. Rc1 Nb4 13. Ba3 Nd3 14. Rc3 Ne5 15. c5 d5 16. Rc2 Rb8 17. c6 Nxc6 18. Nxc6 Bxc6 19. Bxe7 Re8 20. Bxf6 Bxf6 21. Bxd5 Qd7 22. Bxc6 bxc6 23. Qf3 Re6 24. Ne4 Be7 25. Nc5 Bxc5 26. Rxc5 Rb5 27. Rc2 Rd5 28. Rfc1 Kg7 29. Qe2 a5 30. Kg2 Red6 31. h3 Rh5 32. Qg4 Re6 33. Qd4+ Qxd4 34. exd4 Rd5 35. Rxc6 Re2 36. R6c5 Rxd4 37. Rxa5 Rdd2 38. Rf1 Rxa2 39. Rxa2 Rxa2 40. Rb1 Ra5 41. b4 Rb5 42. Kf3 Kf6 43. Ke4 Ke6 44. Kd4 Kd6 45. Kc4 Kc6 46. Re1 h5 47. f4 g5 48. Re5 Rb8 49. Rxg5 1-0

[Event "Cheliabinsk Region Club-ch qf"]
[Site "Cheliabinsk"]
[Date "2011.01.28"]
[Round "8"]
[White "Znamensky, Nikolai"]
[Black "Lipatkin, Mikhail"]
[Result "1/2-1/2"]
[WhiteElo "1764"]
[BlackElo "1817"]
[PlyCount "94"]
[EventDate "2011.01.21"]
[EventType "swiss"]
[EventRounds "9"]
[EventCountry "RUS"]
[SourceTitle "EXT 2022"]
[Source "ChessBase"]
[SourceDate "2021.10.06"]
[SourceVersion "1"]
[SourceVersionDate "2021.10.06"]
[SourceQuality "1"]

1. c4 Nf6 2. Nf3 c5 3. d4 cxd4 4. Nxd4 Nc6 5. g3 Qb6 6. Nb5 a6 7. Be3 Qa5+ 8. N5c3 Ng4 9. Bd4 e5 10. Bh3 exd4 11. Bxg4 dxc3 12. Nxc3 Ne5 13. Bh3 Nxc4 14. 0-0 Nxb2 15. Qd4 d6 16. Bg2 Qc5 17. Qe4+ Be6 18. Qxb7 Rc8 19. Rac1 Nc4 20. Nd5 Kd8 21. Rc3 Qc6 22. Qxc6 Rxc6 23. Rfc1 Rc5 24. Rxc4 Rxd5 25. Bxd5 Bxd5 26. Rc8+ Ke7 27. R1c7+ Kf6 28. Re8 g6 29. Rcc8 Kg7 30. a4 Bb3 31. a5 Ba4 32. Red8 Bb5 33. e4 Bd3 34. f3 Bb5 35. Kf2 h5 36. h4 d5 37. Rxd5 Bb4 38. Rxh8 Kxh8 39. g4 hxg4 40. fxg4 Bxa5 41. h5 Kg7 42. hxg6 Kxg6 43. e5 Bb6+ 44. Kg3 Be3 45. e6 fxe6 46. Re5 Bd2 47. Rxe6+ Kf7 1/2-1/2

[Event "Cheliabinsk Region Club-ch qf"]
[Site "Cheliabinsk"]
[Date "2011.01.26"]
[Round "6"]
[White "Lipatkin, Mikhail"]
[Black "Matiushinsky, Dmitry"]
[Result "1-0"]
[WhiteElo "1817"]
[BlackElo "1838"]
[PlyCount "55"]
[EventDate "2011.01.21"]
[EventType "swiss"]
[EventRounds "9"]
[EventCountry "RUS"]
[SourceTitle "EXT 2022"]
[Source "ChessBase"]
[SourceDate "2021.10.06"]
[SourceVersion "1"]
[SourceVersionDate "2021.10.06"]
[SourceQuality "1"]

1. Nf3 Nc6 2. c4 Nf6 3. b3 e6 4. Bb2 d5 5. g3 Bc5 6. Bg2 0-0 7. 0-0 Ne7 8. d4 Bb6 9. c5 Ba5 10. b4 Bxb4 11. Qa4 Nc6 12. Ne5 Nxe5 13. dxe5 Bxc5 14. exf6 gxf6 15. Qh4 Be7 16. f4 c5 17. f5 d4 18. Rf3 Kg7 19. Bc1 Re8 20. Bh6+ Kh8 21. Nd2 Bf8 22. Ne4 Bg7 23. Rb3 d3 24. Rxd3 Qb6 25. Bxg7+ Kxg7 26. Qxf6+ Kf8 27. Qh8+ Ke7 28. f6# 1-0

[Event "Cheliabinsk Region Club-ch qf"]
[Site "Cheliabinsk"]
[Date "2011.01.25"]
[Round "5"]
[White "Nelyubina, Nadezhda"]
[Black "Lipatkin, Mikhail"]
[Result "0-1"]
[WhiteElo "1634"]
[BlackElo "1817"]
[PlyCount "64"]
[EventDate "2011.01.21"]
[EventType "swiss"]
[EventRounds "9"]
[EventCountry "RUS"]
[SourceTitle "EXT 2022"]
[Source "ChessBase"]
[SourceDate "2021.10.06"]
[SourceVersion "1"]
[SourceVersionDate "2021.10.06"]
[SourceQuality "1"]

1. d4 c5 2. Nf3 d5 3. c4 Nf6 4. Nc3 dxc4 5. e3 Bg4 6. Be2 cxd4 7. Nxd4 Bxe2 8. Qxe2 Qc8 9. Bd2 e5 10. Nf3 Nbd7 11. Rc1 a6 12. a4 Bd6 13. Ng5 0-0 14. Nge4 Bb4 15. Nxf6+ Nxf6 16. Nb1 Bxd2+ 17. Nxd2 b5 18. axb5 axb5 19. Nb1 Qb7 20. Nc3 Qxg2 21. Qf1 Qxf1+ 22. Kxf1 b4 23. Nb5 Ra2 24. Rxc4 Rxb2 25. Na7 h5 26. Nc6 Ng4 27. Nxb4 Rxf2+ 28. Kg1 Rd2 29. Rc2 Rxc2 30. Nxc2 Rc8 31. h3 Rxc2 32. hxg4 Rc1+ 0-1

[Event "Cheliabinsk Region Club-ch qf"]
[Site "Cheliabinsk"]
[Date "2011.01.24"]
[Round "4"]
[White "Lipatkin, Mikhail"]
[Black "Subbotin, Valery"]
[Result "1/2-1/2"]
[WhiteElo "1817"]
[BlackElo "2007"]
[PlyCount "48"]
[EventDate "2011.01.21"]
[EventType "swiss"]
[EventRounds "9"]
[EventCountry "RUS"]
[SourceTitle "EXT 2022"]
[Source "ChessBase"]
[SourceDate "2021.10.06"]
[SourceVersion "1"]
[SourceVersionDate "2021.10.06"]
[SourceQuality "1"]

1. Nf3 c5 2. c4 Nc6 3. g3 Nf6 4. Bg2 g6 5. 0-0 Bg7 6. d3 0-0 7. Be3 d6 8. Qd2 Ng4 9. Nc3 Nxe3 10. fxe3 Bd7 11. Rab1 Rb8 12. a3 a5 13. Nd5 b5 14. Nc3 b4 15. axb4 axb4 16. Nd5 e6 17. Nf4 Ra8 18. Ra1 Qc7 19. d4 Ra5 20. Rfd1 cxd4 21. exd4 Rfa8 22. Rxa5 Rxa5 23. d5 Qb6+ 24. Kf1 Ne5 1/2-1/2